000 00728nam a2200241 a 4500
001 BRCA_8194
005 20190320210154.0
008 130514s1947----fr-a###f##---#001-0#fre-#
041 _afre
044 _afr
050 4 _aNK1860
_b.G73 4 1947
100 1 _aDevéche, André
_914397
245 1 0 _aLes styles anglais
_bdes origines a 1660
_cAndré Devéche.
260 _aParís
_bE. Flammarion
_c1947
300 _a62 p.
_bil., 43 láminas
_c22 cm.
440 0 _aLa grammaire des styles
_v16
_920422
500 _aEjemplar igual a F137
500 _aU50
650 1 4 _aDecoración y ornamentación renacentista
_zInglaterra
_914399
650 1 4 _aEstilos de arte
_ySiglo XV
_zInglaterra
_914400
902 _aGFM
942 _2lcc
_cB
999 _c7862
_d7862